| 000 | 00537nam a2200193 i 4500 | ||
|---|---|---|---|
| 001 | bg | ||
| 100 | 1 | _aRADZIKOWSKI, Władysław | |
| 245 | 0 |
_aMatematyczne techniki zarządzania / _cWładysław Radzikowski. |
|
| 260 |
_aWarszawa, _c1980. |
||
| 490 | 1 | _aMetody i Techniki Organizatorskie | |
| 650 | 9 |
_aMatematyka _xstosowanie |
|
| 650 | 9 |
_aZarządzanie _xmetody |
|
| 830 | _aMetody i Techniki Organizatorskie | ||
| 040 | _cBPK | ||
| 041 | _apol | ||
| 080 | _a65.01::51 | ||
| 942 | _cKS | ||
| 008 | s pl f |000 0 pol | ||
| 999 |
_c21634 _d21634 |
||
| 856 |
_uhttp://koha.tu.koszalin.pl/cgi-bin/koha/opac-detail.pl?biblionumber=21634 _yKatalog online BPK |
||